00406nam a2200157Ia 45000010006000000050017000060080041000230410008000640820015000721000023000872450086001102600009001963000027002056500008002326540008002401806620260306171603.0260306s9999||||xx |||||||||||||| ||und|| aESP a658.4bK56 aKing, Sara N.eAUT 0aDiscovering the leader in you:bhow to realize your personal leadership potential c2011 axiv, 142 páginas :c aGEN aCAN